000 00690nam a2200205 a 4500
005 20191224041733.0
008 140314b2003 pe ||||gr|||| 00| 0 spa d
040 _aCO-BoIAVH
_cCO-BoIAVH
041 _aspa
044 _ape
082 0 4 _a551.48
_bT31t
111 2 _aCongreso Latinoaméricano de Manejo de Cuencas Hidrograficas
_cArequipa
_djunio 8-13, 2003
_n3
245 1 _aTercer congreso latinoaméricano de manejo de cuencas hidrográficas
_blibro de resúmenes
260 _aArequipa
_bCerro Verde
_bMARSA
_bSOUTHERN Peru
_c2003
300 _a430 p.
_c29 x 21 cm.
650 6 _aHidrografia
650 6 _aHidrología
942 _cINFORME
_2ddc
945 _d2005-01-31
999 _c4331
_d4331